000 01249cam a2200337 4500
008 2000
020 _a9780203186220
035 _a(Sirsi) u99438
041 _aeng
050 _a333.332
100 _aParnham, Phil
245 _aResidential property appraisal.
_h[electronic resource]
260 _aLondon
_bSpon Press
_c2000
300 _aeBook
350 _a35.00
520 _aIn this eBook the essence of surveying and valuation appraisal of residential dwellings is set out. It focuses on the issues covered by the various types of valuation and survey that are now available to lenders, private buyers and sellers. Includes illustrations and real-life case studies.
650 _aSURVEYS
650 _aVALUATIONS
650 2 4 _aEBOOK
650 _aRESIDENTIAL PROPERTY
_96266
650 _aBUILDING DEFECTS
650 _aREPORT WRITING
650 _aRICS HOMEBUYER SURVEY AND VALUATION
650 _aBUILDING SURVEYS
650 _aSTRUCTURAL SURVEYS
690 _aPROPERTY-PROPERTY APPRAISAL AND VALUATION
700 _aRispin, Chris
856 _uhttps://www.vlebooks.com/
_zView on VLEbooks. Logins for members only from [email protected]
942 _n0
948 _c29/05/1998
999 _c99336
_d99336